Statystyki dla 10 Najbardziej Utytułowanych Klubów Premier League

Kliknij tutaj aby rozwiązać quiz!

Ogólne statystyki

  • Ten quiz został rozwiązany 561 razy
    (462 od ostatniego zresetowania)
  • Średni wynik to 7 z 10

Statystyki odpowiedzi

MiejsceKlub% Poprawnych
1Liverpool
97%
6Manchester City
97%
2Manchester United
97%
3Arsenal
95%
4Chelsea
93%
7Tottenham
79%
5Aston Villa
60%
8Everton
59%
9Newcastle
43%
10Blackburn
25%

Rozkład punktacji

Percentyl według liczby udzielonych odpowiedzi

Procent ludzi z każdym wynikiem

Twoja historia wyników

Nie rozwiązałeś tego quizu od ostatniego zresetowania